Baizhi Yu Xihuan = (Record no. 194976)

MARC details
000 -LEADER
fixed length control field 01325nam a2200397 i 4500
003 - CONTROL NUMBER IDENTIFIER
control field OSt
005 - DATE AND TIME OF LATEST TRANSACTION
control field 20240229154641.0
008 - FIXED-LENGTH DATA ELEMENTS--GENERAL INFORMATION
fixed length control field 240212s2022 cc gr 000 1 chi d
020 ## - INTERNATIONAL STANDARD BOOK NUMBER
International Standard Book Number 9787541164712
Terms of availability RM 54.90
Qualifying information paperback
040 ## - CATALOGING SOURCE
Original cataloging agency PPAK
Language of cataloging eng
Transcribing agency PPAK
Description conventions rda
082 04 - DEWEY DECIMAL CLASSIFICATION NUMBER
Classification number 895.136
Edition number 23
090 ## - LOCALLY ASSIGNED LC-TYPE CALL NUMBER (OCLC); LOCAL CALL NUMBER (RLIN)
Classification number (OCLC) (R) ; Classification number, CALL (RLIN) (NR) 895.136
Feature heading SHI
Feature heading G
100 1# - MAIN ENTRY--PERSONAL NAME
Linkage 880-01
Personal name Shiqingyao,
Relator term author.
245 10 - TITLE STATEMENT
Linkage 880-02
Title Baizhi Yu Xihuan =
Remainder of title Love story /
Statement of responsibility, etc. Written by Shiqingyao.
246 31 - VARYING FORM OF TITLE
Title proper/short title Love story
250 ## - EDITION STATEMENT
Linkage 880-03
Edition statement Di 1 ban.
264 #1 - PRODUCTION, PUBLICATION, DISTRIBUTION, MANUFACTURE, AND COPYRIGHT NOTICE
Linkage 880-04
Place of production, publication, distribution, manufacture Chengdu :
Name of producer, publisher, distributor, manufacturer Sichuan wen yi chu ban she,
Date of production, publication, distribution, manufacture, or copyright notice 2022
300 ## - PHYSICAL DESCRIPTION
Extent 251 pages ;
Dimensions 21 cm
336 ## - CONTENT TYPE
Content type term text
Source rdacontent
337 ## - MEDIA TYPE
Media type term unmediated
Source rdamedia
338 ## - CARRIER TYPE
Carrier type term volume
Source rdacarrier
490 1# - SERIES STATEMENT
Linkage 880-05
Series statement Baima shiguang
546 ## - LANGUAGE NOTE
Language note Text in simplified Chinese scripts.
650 10 - SUBJECT ADDED ENTRY--TOPICAL TERM
Topical term or geographic name entry element Man-woman relationships
Form subdivision Fiction.
Topical term or geographic name entry element Love
Form subdivision Fiction.
655 #0 - INDEX TERM--GENRE/FORM
Genre/form data or focus term Short stories, Chinese.
Genre/form data or focus term Romance fiction.
Source of term lcgft
830 #0 - SERIES ADDED ENTRY--UNIFORM TITLE
Linkage 880-06
Uniform title Baima shiguang
880 1# - ALTERNATE GRAPHIC REPRESENTATION
Linkage 100-01
a 十清杳,
e author.
Linkage 245-02
a 白纸与喜欢 = Love story / 十清杳著.
Linkage 250-03
a 第1版.
Linkage 264-04 /
a 成都 :
b 四川文艺出版社,
c 2022
Linkage 490-05
a 白马时光
Linkage 830-06
a 白马时光
942 ## - ADDED ENTRY ELEMENTS (KOHA)
Source of classification or shelving scheme Dewey Decimal Classification
Koha item type Book
Holdings
Withdrawn Not for loan Current library Shelving location Date acquired Total Checkouts Full call number Barcode Date last seen Date last checked out Koha item type
    Perpustakaan Alor Setar Pinjaman Dewasa 23/04/2024 3 895.136 SHI A01820951 13/01/2025 08/01/2025 Book
    Perpustakaan Awam Sungai Petani Pinjaman Dewasa 23/04/2024   895.136 SHI A01820952 23/04/2024   Book